| 000 | 00967nam a22003137a 4500 | ||
|---|---|---|---|
| 003 | CHAP | ||
| 005 | 20220329141704.0 | ||
| 008 | 971013s1980 r 00010 d | ||
| 010 | _a72233 | ||
| 011 | _a73205 | ||
| 035 | _a82762 | ||
| 040 | _cCHAP | ||
| 082 |
_a589.2 _bD4 |
||
| 100 | 0 | 0 |
_aDeacon, J. W. _931422 |
| 245 | _aIntroduction to modern mycology | ||
| 260 |
_aOxford : _bBlackwell, _c1980 |
||
| 300 | _a197 p. | ||
| 490 |
_aBasic microbiology _v; 7 |
||
| 590 |
_aBATCH-UPD _b10 _c20130110 _lUCH01 _h1839 |
||
| 590 |
_aBATCH-UPD _b10 _c20130410 _lUCH01 _h1210 |
||
| 590 |
_aBATCH-UPD _b10 _c20130914 _lUCH01 _h0620 |
||
| 590 |
_aCONVERSION _b10 _c20130109 _lUCH01 _h1340 |
||
| 650 | 1 | 4 |
_aMicologĂa. _975476 |
| 830 | 0 |
_aBasic microbiology _v; 7 _910694 |
|
| 901 | _aBK | ||
| 942 | _cLIBRO | ||
| 949 |
_a589.2 D4 _bBC _cLIBRO _d33724000361564 _eLIBRO _fc.2 _h52259 _i82762 _si _t520.00 |
||
| 949 |
_a589.2 D4 _bBC _cLIBRO _d33724000639126 _eLIBRO _h52258 _i82762 _si _t520.00 |
||
| 999 |
_c72233 _d72233 |
||